[Event "CAN-ch O1800"]
[Site "Toronto CAN"]
[Date "2025.04.19"]
[Round "4.29"]
[White "Lee, Matthew"]
[Black "Gao, Yiguo"]
[Result "0-1"]
[WhiteElo "1862"]
[BlackElo "1708"]
[WhiteFideId "-1"]
[WhiteFideId "-1"]
[PlyCount "92"]
[GameId "2183959787783026"]
[EventDate "2025.04.18"]
[EventType "swiss"]
[EventRounds "9"]
[EventCountry "CAN"]

1. d4 Nf6 2. c4 e5 3. dxe5 Ng4 4. Nf3 Bc5 5. e3 Nc6 6. Be2 O-O 7. a3 a5 8. b3 Ngxe5 9. Bb2 Re8 10. O-O Nxf3+ 11. Bxf3 Ne5 12. Be2 Qh4 13. Nd2 d6 14. Bxe5 dxe5 15. Nf3 Qh6 16. Qd2 Bg4 17. Rfd1 e4 18. Ne1 Bf5 19. g3 Bh3 20. Qd5 Bxe3 21. Ng2 c6 22. Qh5 Qxh5 23. Bxh5 Bc5 24. Nf4 Bf5 25. Kf1 Rad8 26. Ke1 Rxd1+ 27. Bxd1 e3 28. f3 Bd4 29. Ra2 g5 30. Ng2 Bd3 31. Re2 Bc3+ 32. Kf1 Bxe2+ 33. Bxe2 f5 34. f4 h6 35. Bd3 Rd8 36. Ke2 Bd4 37. a4 Ba7 38. h3 Kf7 39. g4 fxg4 40. hxg4 gxf4 41. Nxf4 Kf6 42. Kf3 Rd6 43. Bf5 Rd2 44. Ne2 Rb2 45. Bc8 Rxb3 46. Nd4 Bxd4 0-1

[Event "CAN-ch O1800"]
[Site "Toronto CAN"]
[Date "2025.04.19"]
[Round "4.30"]
[White "Han, Ruochong"]
[Black "Zheng, Yanchen"]
[Result "0-1"]
[WhiteElo "1702"]
[BlackElo "1988"]
[WhiteFideId "-1"]
[WhiteFideId "-1"]
[PlyCount "120"]
[GameId "2183959787783028"]
[EventDate "2025.04.18"]
[EventType "swiss"]
[EventRounds "9"]
[EventCountry "CAN"]

1. d4 Nf6 2. Bf4 d5 3. Nf3 e6 4. e3 Bd6 5. Bxd6 Qxd6 6. c3 O-O 7. Nbd2 c5 8. Bd3 b6 9. e4 dxe4 10. Nxe4 Nxe4 11. Bxe4 Nc6 12. O-O Bb7 13. Qc2 h6 14. Rad1 Rad8 15. dxc5 Qxc5 16. Rxd8 Nxd8 17. Bxb7 Nxb7 18. b4 Qc7 19. Nd4 Nd6 20. Rc1 Rc8 21. Nf3 b5 22. a4 a6 23. axb5 axb5 24. Nd4 Qc4 25. h3 Ra8 26. Qe2 Qxe2 27. Nxe2 Kf8 28. Rd1 Ke7 29. f3 e5 30. Kf2 Ra2 31. Ke1 e4 32. Rd2 Ra1+ 33. Kf2 e3+ 34. Kxe3 Nc4+ 35. Kd3 Nxd2 36. Kxd2 Ra8 37. Nd4 Ra2+ 38. Ke1 Rxg2 39. Nxb5 Rg3 40. Kf2 Rxh3 41. Kg2 Rh5 42. Nd4 Kd6 43. c4 Re5 44. Kf2 g6 45. Nb3 Re8 46. Nc5 f5 47. Nb7+ Kc6 48. Na5+ Kb6 49. Nb3 Rd8 50. Ke2 h5 51. f4 h4 52. Nc5 Rd4 53. Kf3 Rxc4 54. Ne6 Rxb4 55. Ng5 Rb3+ 56. Kg2 Kc5 57. Ne6+ Kd5 58. Ng5 Rg3+ 59. Kh2 Rxg5 60. fxg5 Ke4 0-1

[Event "CAN-ch O1800"]
[Site "Toronto CAN"]
[Date "2025.04.19"]
[Round "4.31"]
[White "Zhao, Shannon"]
[Black "Mullur, Neerav"]
[Result "0-1"]
[WhiteElo "1753"]
[BlackElo "1894"]
[WhiteFideId "-1"]
[WhiteFideId "-1"]
[PlyCount "104"]
[GameId "2183959787783029"]
[EventDate "2025.04.18"]
[EventType "swiss"]
[EventRounds "9"]
[EventCountry "CAN"]

1. e4 e5 2. Nf3 Nc6 3. d4 exd4 4. Bc4 Bc5 5. c3 Nf6 6. cxd4 Bb4+ 7. Bd2 d5 8. exd5 Bxd2+ 9. Nbxd2 Nxd5 10. O-O O-O 11. Ne4 Bg4 12. Qd3 Ndb4 13. Qc3 Bxf3 14. Qxf3 Qxd4 15. Bb3 Qxb2 16. Rab1 Qe5 17. Rfe1 Nd4 18. Qc3 Nbc6 19. Bc4 Rab8 20. Qh3 Qf4 21. Qh4 Ne5 22. Ng5 Qxg5 23. Qxg5 Nef3+ 24. gxf3 Nxf3+ 25. Kh1 Nxg5 26. Re7 Ne6 27. Rg1 Rfe8 28. Rd7 Kf8 29. f4 Re7 30. Rd5 Rd8 31. Rh5 h6 32. f5 Rd4 33. Bxe6 fxe6 34. f6 gxf6 35. Rxh6 Rf7 36. Rh8+ Ke7 37. Rgg8 c5 38. Rc8 Rg7 39. Rhe8+ Kd6 40. Red8+ Ke5 41. Rxc5+ Rd5 42. Rcxd5+ exd5 43. Rh8 d4 44. h4 Rd7 45. h5 d3 46. h6 d2 47. h7 d1=Q+ 48. Kh2 Qh5+ 49. Kg2 Rd2+ 50. Kg3 Qh2+ 51. Kg4 Rg2+ 52. Kf3 Qg3# 0-1

[Event "CAN-ch O1800"]
[Site "Toronto CAN"]
[Date "2025.04.19"]
[Round "4.32"]
[White "Li, Allen"]
[Black "Satish Alwar, Dharsan"]
[Result "1-0"]
[WhiteElo "1830"]
[BlackElo "1724"]
[WhiteFideId "-1"]
[WhiteFideId "-1"]
[PlyCount "145"]
[GameId "2183959787799414"]
[EventDate "2025.04.18"]
[EventType "swiss"]
[EventRounds "9"]
[EventCountry "CAN"]

1. d4 d5 2. Bf4 Nf6 3. e3 e6 4. Nd2 c5 5. c3 Nc6 6. Bd3 Bd6 7. Bxd6 Qxd6 8. Ngf3 O-O 9. O-O e5 10. dxe5 Nxe5 11. Nxe5 Qxe5 12. Nf3 Qe7 13. h3 b6 14. Qe2 Bb7 15. Rad1 Rfd8 16. Rfe1 h6 17. a3 a5 18. Bb1 Ne4 19. Bxe4 dxe4 20. Nd2 Ba6 21. c4 Rd3 22. Rc1 Rad8 23. Nf1 Qe6 24. Qc2 Qg6 25. a4 Bc8 26. Kh2 Qh5 27. Re2 R8d6 28. Rd2 Qe5+ 29. Kh1 Bd7 30. b3 Qg5 31. Rcd1 Rg6 32. Ng3 Bf5 33. Rxd3 exd3 34. Qc3 Re6 35. Nxf5 Qxf5 36. Kg1 Rg6 37. Qxd3 Qh5 38. Rd2 f5 39. Kf1 Qg5 40. Qd8+ Qxd8 41. Rxd8+ Kf7 42. Rd5 Ke6 43. g3 h5 44. h4 Rf6 45. Kg2 Rg6 46. f4 Rf6 47. e4 fxe4 48. Rxh5 Rf5 49. Rh8 Kf7 50. Rd8 Ke7 51. Rd2 Rf6 52. Rd5 Re6 53. Kf2 Kf7 54. Ke3 Kf6 55. g4 g6 56. g5+ Kf7 57. Re5 Rd6 58. Kxe4 Rd7 59. Kf3 Rd1 60. Re3 Rh1 61. Kg4 Rg1+ 62. Rg3 Rd1 63. h5 gxh5+ 64. Kxh5 Rh1+ 65. Kg4 Rd1 66. f5 Rd4+ 67. Kf3 Rd3+ 68. Kf4 Rd1 69. g6+ Kg7 70. f6+ Kxf6 71. g7 Rf1+ 72. Ke3 Re1+ 73. Kf2 1-0

[Event "CAN-ch O1800"]
[Site "Toronto CAN"]
[Date "2025.04.19"]
[Round "4.33"]
[White "Moran-Venegas, Mario"]
[Black "Wall, Keenan"]
[Result "1-0"]
[WhiteElo "1729"]
[BlackElo "1797"]
[WhiteFideId "-1"]
[WhiteFideId "-1"]
[PlyCount "93"]
[GameId "2183959787799415"]
[EventDate "2025.04.18"]
[EventType "swiss"]
[EventRounds "9"]
[EventCountry "CAN"]

1. Nf3 d5 2. d4 Nf6 3. c4 e6 4. Nc3 Bb4 5. Bg5 Bxc3+ 6. bxc3 h6 7. Bh4 O-O 8. e3 b6 9. Qb3 Bb7 10. c5 Nc6 11. cxb6 cxb6 12. Bd3 Qe7 13. Rc1 Na5 14. Qa4 Bc6 15. Qb4 Qxb4 16. cxb4 Nc4 17. Bxc4 dxc4 18. Ne5 Bb5 19. O-O Rac8 20. Bxf6 gxf6 21. Nf3 Kh7 22. Rc3 Rg8 23. Rfc1 Ba6 24. Nd2 b5 25. g3 Bb7 26. a4 a6 27. axb5 axb5 28. Ra1 Ra8 29. Rca3 c3 30. Nb3 c2 31. Rxa8 Rxa8 32. Rxa8 Bxa8 33. Kf1 Kg6 34. Ke1 Kf5 35. h3 Bd5 36. Nc1 Ke4 37. Kd2 Kf3 38. Nd3 Be4 39. Kxc2 Bxd3+ 40. Kxd3 Kxf2 41. e4 Kxg3 42. d5 exd5 43. exd5 f5 44. d6 f4 45. d7 f3 46. d8=Q f2 47. Ke2 1-0

[Event "CAN-ch O1800"]
[Site "Toronto CAN"]
[Date "2025.04.19"]
[Round "4.34"]
[White "Lin, Ryder"]
[Black "Aravinthan, Adhvik"]
[Result "1/2-1/2"]
[WhiteElo "1744"]
[BlackElo "1775"]
[WhiteFideId "-1"]
[WhiteFideId "-1"]
[PlyCount "105"]
[GameId "2183959787799416"]
[EventDate "2025.04.18"]
[EventType "swiss"]
[EventRounds "9"]
[EventCountry "CAN"]

1. e4 e5 2. Nf3 Nc6 3. Bc4 Bc5 4. d3 Nf6 5. c3 O-O 6. Bg5 h6 7. Bh4 Be7 8. Nbd2 Re8 9. b4 d6 10. Qb3 Rf8 11. Nf1 a5 12. a3 axb4 13. cxb4 Nd7 14. Bxe7 Qxe7 15. Ne3 Nb6 16. Bd5 Nd8 17. O-O c6 18. Bc4 Bd7 19. h3 Qf6 20. Qc2 Bxh3 21. gxh3 Qxf3 22. Kh2 d5 23. Bb3 Ne6 24. Qd1 Qxd1 25. Rfxd1 Nd4 26. Rdb1 dxe4 27. dxe4 Nf3+ 28. Kg3 Nd2 29. Rb2 Nxe4+ 30. Kh2 Kh7 31. Bc2 g6 32. Bxe4 f5 33. Bd3 Rfd8 34. Be2 Na4 35. Rc2 Rd4 36. Rac1 Rad8 37. Rd1 Kg7 38. Rxd4 exd4 39. Rd2 Nc3 40. Bf3 Ne4 41. Bxe4 fxe4 42. Nc2 d3 43. Ne3 Ra8 44. Ra2 Rd8 45. Kg2 Kf6 46. f3 Ke5 47. fxe4 Kxe4 48. Nf1 Kd4 49. Kf2 Kc3 50. Nd2 Re8 51. Kf3 Kd4 52. Kf2 Re2+ 53. Kf3 1/2-1/2

[Event "CAN-ch O1800"]
[Site "Toronto CAN"]
[Date "2025.04.20"]
[Round "5.1"]
[White "Wang, Bingfei"]
[Black "Li, Hongyi"]
[Result "1-0"]
[WhiteElo "2111"]
[BlackElo "1973"]
[WhiteFideId "-1"]
[WhiteFideId "-1"]
[PlyCount "123"]
[GameId "2184265573769226"]
[EventDate "2025.04.18"]
[EventType "swiss"]
[EventRounds "9"]
[EventCountry "CAN"]

1. d4 e6 2. Nf3 b6 3. e4 d5 4. Bd3 c6 5. Bg5 f6 6. Be3 Ba6 7. Bxa6 Nxa6 8. e5 Ne7 9. exf6 gxf6 10. Nh4 h5 11. c3 Nc7 12. Bf4 Kd7 13. Nd2 Ne8 14. O-O Ng7 15. Re1 Ngf5 16. Qe2 Ng7 17. Ndf3 Qe8 18. Qa6 Qc8 19. Qd3 Nef5 20. Re2 Bd6 21. Bxd6 Kxd6 22. Rae1 Re8 23. Ng6 c5 24. dxc5+ Qxc5 25. Nf4 e5 26. Ng6 Rad8 27. Nfh4 Nxh4 28. Nxh4 Qc4 29. Nf5+ Nxf5 30. Qxf5 Qh4 31. f4 Re6 32. fxe5+ fxe5 33. Rxe5 Qxe1+ 34. Rxe1 Rxe1+ 35. Kf2 Re6 36. Qxh5 Rf8+ 37. Kg3 Re3+ 38. Kh4 Ree8 39. Qg6+ Kc7 40. Qg7+ Kb8 41. g4 Rh8+ 42. Kg3 Re3+ 43. Kf2 Reh3 44. Qe5+ Kc8 45. Kg2 Kd7 46. Qxd5+ Ke7 47. Qe5+ Kf7 48. g5 Rxh2+ 49. Qxh2 Rxh2+ 50. Kxh2 Kg6 51. Kg3 Kxg5 52. Kf3 Kf5 53. Ke3 Ke5 54. c4 b5 55. cxb5 Kd5 56. Kd3 Kc5 57. a4 Kb4 58. b3 Ka5 59. Kc4 Kb6 60. Kb4 Kb7 61. Ka5 Kb8 62. b6 1-0

[Event "CAN-ch O1800"]
[Site "Toronto CAN"]
[Date "2025.04.20"]
[Round "5.2"]
[White "Hong, Zihan"]
[Black "Russell, Wesley"]
[Result "1-0"]
[WhiteElo "1999"]
[BlackElo "1973"]
[WhiteFideId "-1"]
[WhiteFideId "-1"]
[PlyCount "57"]
[GameId "2184265573838869"]
[EventDate "2025.04.18"]
[EventType "swiss"]
[EventRounds "9"]
[EventCountry "CAN"]

1. d4 Nf6 2. Bf4 d5 3. e3 e6 4. Nd2 Bd6 5. Bg3 c5 6. c3 O-O 7. Ngf3 Qc7 8. Ne5 Nbd7 9. f4 c4 10. Qf3 b5 11. Be2 Rb8 12. a3 Nb6 13. Bd1 a5 14. Bc2 b4 15. axb4 axb4 16. O-O b3 17. Bb1 Bb7 18. Bh4 Be7 19. Bxf6 Bxf6 20. Qh3 g6 21. Ndf3 Bxe5 22. fxe5 Kg7 23. Ng5 h6 24. Rxf7+ Rxf7 25. Nxe6+ Kh7 26. Nxc7 Rbf8 27. Bxg6+ Kxg6 28. Qe6+ Kg7 29. Qxb6 1-0

[Event "CAN-ch O1800"]
[Site "Toronto CAN"]
[Date "2025.04.20"]
[Round "5.3"]
[White "Zaka, Mohid"]
[Black "Bluvshtein, Ilia"]
[Result "1/2-1/2"]
[WhiteElo "1910"]
[BlackElo "2086"]
[WhiteFideId "-1"]
[WhiteFideId "-1"]
[PlyCount "33"]
[GameId "2184265573871648"]
[EventDate "2025.04.18"]
[EventType "swiss"]
[EventRounds "9"]
[EventCountry "CAN"]

1. d4 Nf6 2. Bg5 Ne4 3. Bf4 d5 4. Nf3 g6 5. Nbd2 Bg7 6. e3 O-O 7. Bd3 Nxd2 8. Qxd2 c5 9. c3 Nc6 10. O-O Qa5 11. Bg3 Bg4 12. Qd1 e5 13. dxe5 Nxe5 14. Be2 Nxf3+ 15. Bxf3 Bxf3 16. Qxf3 Rfd8 17. Rfd1 1/2-1/2

[Event "CAN-ch O1800"]
[Site "Toronto CAN"]
[Date "2025.04.20"]
[Round "5.4"]
[White "Lin, Austin"]
[Black "Maulucci, Anthony"]
[Result "0-1"]
[WhiteElo "1990"]
[BlackElo "2051"]
[WhiteFideId "-1"]
[WhiteFideId "-1"]
[PlyCount "110"]
[GameId "2184265573871654"]
[EventDate "2025.04.18"]
[EventType "swiss"]
[EventRounds "9"]
[EventCountry "CAN"]

1. e4 e6 2. d4 d5 3. e5 c5 4. c3 Nc6 5. Nf3 Qb6 6. a3 c4 7. Nbd2 Na5 8. h4 Bd7 9. g3 O-O-O 10. Bh3 f5 11. Ng5 Nh6 12. O-O Be7 13. Ndf3 Rdf8 14. Qe2 Nf7 15. Nxf7 Rxf7 16. Bg5 Bxg5 17. Nxg5 Rff8 18. f4 h6 19. Nf3 Be8 20. Bg2 Bh5 21. Qc2 Bxf3 22. Rxf3 g5 23. fxg5 hxg5 24. g4 fxg4 25. Rxf8+ Rxf8 26. hxg5 Qd8 27. Qg6 Qe8 28. Qxe8+ Rxe8 29. Rf1 Rg8 30. Rf6 Kd7 31. Rf7+ Ke8 32. Rf6 Ke7 33. g6 Rf8 34. Rf1 Nc6 35. Kh2 Rxf1 36. Bxf1 Kf8 37. Be2 Ne7 38. Bxg4 Nxg6 39. Bxe6 Nf4 40. Bc8 b6 41. Kg3 Nd3 42. Be6 Nxb2 43. Bxd5 b5 44. Bc6 a6 45. d5 Nd3 46. e6 Ke7 47. Kg4 Kf6 48. Be8 Nf2+ 49. Kf4 Nd1 50. Bd7 Nxc3 51. d6 Nd5+ 52. Ke4 c3 53. Kxd5 c2 54. e7 c1=Q 55. e8=Q Qc4# 0-1

[Event "CAN-ch O1800"]
[Site "Toronto CAN"]
[Date "2025.04.20"]
[Round "5.5"]
[White "Lee, Daniel Joshua"]
[Black "Xu, Ryan"]
[Result "0-1"]
[WhiteElo "1989"]
[BlackElo "2010"]
[WhiteFideId "-1"]
[WhiteFideId "-1"]
[PlyCount "86"]
[GameId "2184265573871655"]
[EventDate "2025.04.18"]
[EventType "swiss"]
[EventRounds "9"]
[EventCountry "CAN"]

1. e4 c5 2. Nf3 d6 3. d4 cxd4 4. Nxd4 Nf6 5. Nc3 a6 6. Be3 e5 7. Nf3 Be7 8. Bc4 Qc7 9. Bb3 O-O 10. O-O Be6 11. Qd3 Rc8 12. Rfd1 Nbd7 13. Rac1 b5 14. h3 Bc4 15. Bxc4 bxc4 16. Qe2 Qb7 17. b3 cxb3 18. cxb3 Nxe4 19. Nd5 Bf8 20. Nh4 Ndf6 21. Nxf6+ Nxf6 22. Nf5 d5 23. f4 Ne4 24. fxe5 Nc3 25. Rxc3 Rxc3 26. Qg4 Rc6 27. Rf1 Rg6 28. Qd4 Rc8 29. Qd2 Qc7 30. Qxd5 Re6 31. Bd4 Bc5 32. Re1 g6 33. Nh6+ Kg7 34. Ng4 Bxd4+ 35. Qxd4 Qc5 36. Rd1 Qxd4+ 37. Rxd4 h5 38. Nh2 Rxe5 39. Nf3 Re2 40. Ra4 Rcc2 41. Rxa6 Rxg2+ 42. Kh1 Rcf2 43. Ng1 Rh2# 0-1

[Event "CAN-ch O1800"]
[Site "Toronto CAN"]
[Date "2025.04.20"]
[Round "5.6"]
[White "Lakhani, Riyaan"]
[Black "Fillmore, Louis"]
[Result "1-0"]
[WhiteElo "1976"]
[BlackElo "1997"]
[WhiteFideId "-1"]
[WhiteFideId "-1"]
[PlyCount "105"]
[GameId "2184265573904424"]
[EventDate "2025.04.18"]
[EventType "swiss"]
[EventRounds "9"]
[EventCountry "CAN"]

1. d4 Nf6 2. c4 e6 3. g3 d5 4. Nf3 Bb4+ 5. Bd2 Bd6 6. Bg2 c6 7. Qc2 Nbd7 8. O-O O-O 9. Rd1 Ne4 10. Bc1 f5 11. Ne1 Qe7 12. Nd3 b6 13. cxd5 cxd5 14. Nd2 Bb7 15. Nf3 Rac8 16. Qa4 a5 17. a3 Rc4 18. Qb3 a4 19. Qa2 Rc2 20. Qb1 Rc7 21. Bf4 Rfc8 22. Bxd6 Qxd6 23. Nb4 b5 24. Qd3 Qb6 25. e3 Nd6 26. Qe2 Nc4 27. Ne1 Na5 28. Ned3 Nb3 29. Rab1 Rc4 30. Re1 Qd6 31. Rbd1 Nb6 32. Ne5 Rxb4 33. axb4 Qxb4 34. g4 Nc4 35. gxf5 exf5 36. Qh5 Nd6 37. Bh3 Rf8 38. Kh1 Rf6 39. Nd3 Qa5 40. Qe2 Bc8 41. Nf4 Kf7 42. Nxd5 Bb7 43. Bg2 Qa8 44. Nf4 Ne4 45. f3 Ng5 46. d5 Qe8 47. Kg1 Qd7 48. h4 h6 49. hxg5 hxg5 50. Nd3 Qxd5 51. f4 Qxg2+ 52. Qxg2 Bxg2 53. Ne5+ 1-0

[Event "CAN-ch O1800"]
[Site "Toronto CAN"]
[Date "2025.04.20"]
[Round "5.7"]
[White "Tamkan, Ekrem"]
[Black "Daigneault, Henry"]
[Result "1-0"]
[WhiteElo "1997"]
[BlackElo "1933"]
[WhiteFideId "-1"]
[WhiteFideId "-1"]
[PlyCount "77"]
[GameId "2184265573904425"]
[EventDate "2025.04.18"]
[EventType "swiss"]
[EventRounds "9"]
[EventCountry "CAN"]

1. e4 c5 2. Nc3 d6 3. g3 Nc6 4. Bg2 g6 5. d3 Bg7 6. f4 e6 7. Nf3 Nge7 8. O-O O-O 9. g4 f5 10. h3 e5 11. exf5 gxf5 12. g5 Nd4 13. Ne2 Qc7 14. Ng3 Bd7 15. Ne1 Bc6 16. Bxc6 bxc6 17. Ng2 d5 18. fxe5 Bxe5 19. Bf4 Ng6 20. Nh5 Rae8 21. c3 Ne2+ 22. Qxe2 Nxf4 23. Ngxf4 Bd4+ 24. cxd4 Rxe2 25. Nxe2 Qe7 26. Nef4 Qxg5+ 27. Kh1 Kh8 28. dxc5 Qe7 29. Rae1 Qh4 30. Re6 Rc8 31. Rf6 Qg5 32. Rg1 Qh4 33. Rh6 Qf2 34. Rg2 Qe1+ 35. Kh2 Rg8 36. Rxh7+ Kxh7 37. Nf6+ Kh6 38. Nxg8+ Kh7 39. Nf6+ 1-0

[Event "CAN-ch O1800"]
[Site "Toronto CAN"]
[Date "2025.04.20"]
[Round "5.8"]
[White "Qian, Eric"]
[Black "Park, Haneul"]
[Result "0-1"]
[WhiteElo "2095"]
[BlackElo "1923"]
[WhiteFideId "-1"]
[WhiteFideId "-1"]
[PlyCount "62"]
[GameId "2184265573904426"]
[EventDate "2025.04.18"]
[EventType "swiss"]
[EventRounds "9"]
[EventCountry "CAN"]

1. Nf3 d5 2. c4 e6 3. g3 dxc4 4. Qa4+ Nd7 5. Bg2 a6 6. Qxc4 b5 7. Qc2 Bb7 8. O-O Ngf6 9. d3 c5 10. a4 Be7 11. Nc3 b4 12. Nb1 a5 13. Nbd2 Nb6 14. Nb3 c4 15. dxc4 Be4 16. Qd2 Nxc4 17. Qg5 O-O 18. Nfd4 Bxg2 19. Kxg2 Qd5+ 20. Qxd5 Nxd5 21. e4 Ndb6 22. f4 Rac8 23. Nf3 Rfd8 24. Nbd4 Bc5 25. Rd1 b3 26. Kf2 Rd7 27. Be3 Nxb2 28. Rdb1 Nd3+ 29. Ke2 b2 30. Ra2 Bxd4 31. Nxd4 Nc1+ 0-1

[Event "CAN-ch O1800"]
[Site "Toronto CAN"]
[Date "2025.04.20"]
[Round "5.9"]
[White "Southam, David"]
[Black "Deshpande, Sarthak"]
[Result "1/2-1/2"]
[WhiteElo "2037"]
[BlackElo "1951"]
[WhiteFideId "-1"]
[WhiteFideId "-1"]
[PlyCount "39"]
[GameId "2184265573904427"]
[EventDate "2025.04.18"]
[EventType "swiss"]
[EventRounds "9"]
[EventCountry "CAN"]

1. d4 d5 2. c4 c6 3. Nf3 Nf6 4. e3 e6 5. b3 Nbd7 6. Nbd2 b6 7. Bb2 Bb7 8. Bd3 Be7 9. O-O O-O 10. Qe2 c5 11. Rfd1 Rc8 12. Rac1 Re8 13. Ne5 dxc4 14. Ndxc4 b5 15. Nxd7 Qxd7 16. Ne5 Qd5 17. f3 cxd4 18. Bxd4 Rxc1 19. Rxc1 a6 20. Bb2 1/2-1/2

[Event "CAN-ch O1800"]
[Site "Toronto CAN"]
[Date "2025.04.20"]
[Round "5.10"]
[White "Li, Triston Bai"]
[Black "Loadman, Ian"]
[Result "1/2-1/2"]
[WhiteElo "1937"]
[BlackElo "2024"]
[WhiteFideId "-1"]
[WhiteFideId "-1"]
[PlyCount "71"]
[GameId "2184265573818379"]
[EventDate "2025.04.18"]
[EventType "swiss"]
[EventRounds "9"]
[EventCountry "CAN"]

1. e4 e5 2. Nf3 Nc6 3. d4 exd4 4. Nxd4 Nf6 5. Nxc6 bxc6 6. Bd3 d5 7. Nc3 Bb4 8. Bd2 O-O 9. f3 Bxc3 10. Bxc3 dxe4 11. fxe4 Nxe4 12. Bxe4 Qh4+ 13. Kf1 Qxe4 14. Qe2 Bf5 15. Qxe4 Bxe4 16. Rc1 Rad8 17. Kf2 Rd5 18. Rhd1 Rfd8 19. Rxd5 cxd5 20. Bd4 f5 21. b4 a6 22. a4 Kf7 23. g3 g5 24. a5 c6 25. Bb6 Rd7 26. c3 Kg6 27. Be3 Rf7 28. Rg1 Kh5 29. Ke2 h6 30. h3 f4 31. gxf4 gxf4 32. Rf1 f3+ 33. Kf2 Rg7 34. Rg1 Rg2+ 35. Rxg2 fxg2 36. Kg3 1/2-1/2

[Event "CAN-ch O1800"]
[Site "Toronto CAN"]
[Date "2025.04.20"]
[Round "5.11"]
[White "Filipovich, David"]
[Black "Byl, Oliver"]
[Result "1/2-1/2"]
[WhiteElo "2011"]
[BlackElo "1881"]
[WhiteFideId "-1"]
[WhiteFideId "-1"]
[PlyCount "89"]
[GameId "2184265573818380"]
[EventDate "2025.04.18"]
[EventType "swiss"]
[EventRounds "9"]
[EventCountry "CAN"]

1. Nf3 d6 2. d4 Nf6 3. g3 g6 4. Bg2 Bg7 5. O-O O-O 6. b3 e5 7. dxe5 Ng4 8. Bg5 Qe8 9. Nc3 Nxe5 10. Nd5 Nxf3+ 11. Bxf3 Qe5 12. Nxc7 Qxg5 13. Nxa8 Bxa1 14. Qxa1 Qe7 15. Qd4 Nc6 16. Qe4 Qxe4 17. Bxe4 Bh3 18. Nc7 Bxf1 19. Kxf1 Rd8 20. e3 Kg7 21. Nd5 Rd7 22. c4 f5 23. Bg2 Ne5 24. Ke2 h6 25. h4 g5 26. hxg5 hxg5 27. Nc3 Kf6 28. Nd5+ Ke6 29. Nc3 a6 30. Bd5+ Kf6 31. Bg2 Rh7 32. Nd5+ Kg6 33. Nc3 b6 34. Nd5 b5 35. cxb5 axb5 36. Nc3 Ra7 37. a4 bxa4 38. bxa4 Ra6 39. Kd2 Nd7 40. Kc2 Nc5 41. Bf1 Ra5 42. Bb5 Kf6 43. Kb2 Ne4 44. Nxe4+ fxe4 45. Kc3 1/2-1/2

[Event "CAN-ch O1800"]
[Site "Toronto CAN"]
[Date "2025.04.20"]
[Round "5.12"]
[White "Lukinykh, Slava"]
[Black "Sheth, Rudra"]
[Result "0-1"]
[WhiteElo "1987"]
[BlackElo "1734"]
[WhiteFideId "-1"]
[WhiteFideId "-1"]
[PlyCount "211"]
[GameId "2184265573826573"]
[EventDate "2025.04.18"]
[EventType "swiss"]
[EventRounds "9"]
[EventCountry "CAN"]

1. e4 e6 2. d4 d5 3. Bd3 dxe4 4. Bxe4 Nf6 5. Bf3 c5 6. Ne2 Be7 7. Be3 Qc7 8. O-O O-O 9. Nbc3 Nc6 10. Qc1 a6 11. Rd1 cxd4 12. Nxd4 Nxd4 13. Bxd4 e5 14. Be3 Be6 15. a4 Rac8 16. a5 Bb4 17. Bb6 Qe7 18. Nd5 Nxd5 19. Bxd5 Bxd5 20. Rxd5 Bc5 21. Qd2 Bxb6 22. axb6 Rc6 23. Rd7 Qc5 24. Rxb7 Rxb6 25. Rxb6 Qxb6 26. b3 Rd8 27. Qc1 h6 28. h3 Rd6 29. Ra4 Rd4 30. Rxd4 exd4 31. Qe1 Qc6 32. Qe2 Kf8 33. Kf1 a5 34. f3 Qd5 35. Qe4 Qxe4 36. fxe4 Ke7 37. Ke2 Ke6 38. Kd3 Ke5 39. c4 dxc3 40. Kxc3 Kxe4 41. Kc4 f5 42. Kb5 Kf4 43. Kxa5 Kg3 44. b4 Kxg2 45. b5 f4 46. b6 f3 47. b7 f2 48. b8=Q f1=Q 49. Qb7+ Kxh3 50. Qxg7 Qf5+ 51. Ka6 h5 52. Qc3+ Kg4 53. Qd4+ Kg5 54. Qe3+ Kg6 55. Qe8+ Kg5 56. Qe3+ Qf4 57. Qg1+ Qg4 58. Qc1+ Kg6 59. Qc2+ Kh6 60. Qc1+ Qg5 61. Qh1 h4 62. Kb6 Qe3+ 63. Kb5 h3 64. Qh2 Kh5 65. Ka6 Kg4 66. Qd6 Qe2+ 67. Ka7 h2 68. Qg6+ Kf3 69. Qh5+ Ke3 70. Qe5+ Kd2 71. Qd5+ Kc1 72. Qg5+ Qd2 73. Qc5+ Kd1 74. Qh5+ Ke1 75. Qe5+ Kf1 76. Qa1+ Kg2 77. Qg7+ Kf2 78. Qf6+ Kg1 79. Qg6+ Qg2 80. Qb1+ Kf2 81. Qc2+ Kg3 82. Qc3+ Kh4 83. Qd4+ Qg4 84. Qf2+ Qg3 85. Qf6+ Kh5 86. Qh8+ Kg4 87. Qd4+ Kh3 88. Qd7+ Kg2 89. Qd5+ Qf3 90. Qg5+ Qg3 91. Qd5+ Kg1 92. Qd1+ Kf2 93. Qc2+ Kg1 94. Qd1+ Kg2 95. Qd5+ Qf3 96. Qg5+ Kf1 97. Qc1+ Kf2 98. Qd2+ Kg1 99. Qg5+ Kh1 100. Qc1+ Kg2 101. Qg5+ Kf2 102. Qd2+ Kg1 103. Qg5+ Qg2 104. Qc1+ Qf1 105. Qg5+ Kh1 106. Qd5+ 0-1

[Event "CAN-ch O1800"]
[Site "Toronto CAN"]
[Date "2025.04.20"]
[Round "5.13"]
[White "Pollitt, Henry"]
[Black "Fu, Odyssey"]
[Result "0-1"]
[WhiteElo "1985"]
[BlackElo "1727"]
[WhiteFideId "-1"]
[WhiteFideId "-1"]
[PlyCount "72"]
[GameId "2184265573826574"]
[EventDate "2025.04.18"]
[EventType "swiss"]
[EventRounds "9"]
[EventCountry "CAN"]

1. e4 c5 2. c3 Nf6 3. e5 Nd5 4. d4 Nc6 5. Nf3 cxd4 6. cxd4 d6 7. Bc4 Nb6 8. Bb3 dxe5 9. d5 Nb4 10. Nc3 e6 11. Nxe5 N4xd5 12. Nxd5 exd5 13. O-O Bd6 14. Ba4+ Nxa4 15. Qxa4+ Bd7 16. Nxd7 Qxd7 17. Re1+ Be7 18. Qa3 f6 19. Bf4 Kf7 20. Qf3 Rhe8 21. Rad1 Bb4 22. Rxe8 Rxe8 23. Be3 d4 24. Qf4 Bc5 25. h3 g5 26. Qf3 Re5 27. Qh5+ Kg8 28. Qh6 Qe7 29. Bd2 Re2 30. Ba5 b6 31. b4 Re1+ 32. Rxe1 Qxe1+ 33. Kh2 Bd6+ 34. g3 Qxf2+ 35. Kh1 Qf3+ 36. Kg1 Bxg3 0-1

[Event "CAN-ch O1800"]
[Site "Toronto CAN"]
[Date "2025.04.20"]
[Round "5.14"]
[White "Lau, Jayden"]
[Black "Mammadov, Nihad"]
[Result "0-1"]
[WhiteElo "1790"]
[BlackElo "1969"]
[WhiteFideId "-1"]
[WhiteFideId "-1"]
[PlyCount "146"]
[GameId "2184265573834767"]
[EventDate "2025.04.18"]
[EventType "swiss"]
[EventRounds "9"]
[EventCountry "CAN"]

1. e4 e5 2. Nf3 Nc6 3. Bb5 Nf6 4. d3 Bc5 5. c3 d6 6. h3 h6 7. O-O O-O 8. Re1 Bd7 9. Nbd2 a6 10. Ba4 b5 11. Bc2 Re8 12. a4 Bb6 13. Nf1 Ne7 14. d4 Ng6 15. Ng3 c6 16. Be3 Qc7 17. Qd2 Kh7 18. b4 bxa4 19. Bxa4 exd4 20. Bxd4 Bxd4 21. Nxd4 c5 22. Bxd7 Qxd7 23. Ndf5 cxb4 24. cxb4 Nxe4 25. Qd4 Nf6 26. Nxg7 Re5 27. f4 Rxe1+ 28. Rxe1 Qa7 29. N7f5 Qxd4+ 30. Nxd4 Nxf4 31. Re7 Kg6 32. Ngf5 N4d5 33. Rb7 Ne4 34. Ne7+ Nxe7 35. Rxe7 Nf6 36. b5 axb5 37. Nxb5 d5 38. Kf2 Rb8 39. Nd4 Rb2+ 40. Re2 Rb4 41. Nc6 Rf4+ 42. Ke3 Ra4 43. Rd2 Kf5 44. Rf2+ Kg5 45. Rd2 Re4+ 46. Kf3 Rc4 47. Ne5 Rf4+ 48. Ke3 Re4+ 49. Kf3 Rxe5 50. g3 Kf5 51. Rc2 d4 52. g4+ Ke6 53. Rc6+ Ke7 54. Kf4 Re6 55. Rc7+ Nd7 56. Ra7 d3 57. Ra2 Re2 58. Ra3 d2 59. Rd3 Ke6 60. h4 Ne5 61. Rd4 f6 62. Kg3 Re3+ 63. Kg2 Rd3 64. Rxd3 Nxd3 65. g5 d1=Q 66. gxh6 Qe2+ 67. Kh1 f5 68. h7 Qe1+ 69. Kh2 Qf2+ 70. Kh1 f4 71. h8=Q Qf3+ 72. Kg1 Qg3+ 73. Kf1 Qf2# 0-1

[Event "CAN-ch O1800"]
[Site "Toronto CAN"]
[Date "2025.04.20"]
[Round "5.15"]
[White "Starr, Sasha"]
[Black "Li, Justin"]
[Result "1-0"]
[WhiteElo "2071"]
[BlackElo "1793"]
[WhiteFideId "-1"]
[WhiteFideId "-1"]
[PlyCount "49"]
[GameId "2184265573834768"]
[EventDate "2025.04.18"]
[EventType "swiss"]
[EventRounds "9"]
[EventCountry "CAN"]

1. e4 c6 2. Nc3 d5 3. Qf3 e6 4. d4 Nd7 5. Nge2 dxe4 6. Nxe4 Ngf6 7. N2g3 Nxe4 8. Nxe4 Nf6 9. Bg5 Be7 10. Bxf6 Bxf6 11. O-O-O O-O 12. h4 Be7 13. Bd3 f5 14. Ng5 Bxg5+ 15. hxg5 Qxg5+ 16. Kb1 h6 17. Rdg1 Kh8 18. g4 Bd7 19. gxf5 Qe7 20. Qe4 Rxf5 21. Rg6 Raf8 22. Qe3 Rf3 23. Rgxh6+ gxh6 24. Qxh6+ Kg8 25. Rg1+ 1-0